| 000 | 01058nam a2200265 i 4500 | ||
|---|---|---|---|
| 001 | 91695 | ||
| 003 | ES-MaACL | ||
| 005 | 20230906180805.0 | ||
| 007 | t| | ||
| 008 | 050207s2004 sp ||||1| spa d | ||
| 020 | _a84-95011-80-8 | ||
| 080 | _a75 Monsalvo, Angel L. (083.824) | ||
| 100 | 1 |
_aMonsalvo, Angel L. _982287 |
|
| 245 | 1 | 3 |
_aEl entierro del Señor de Orgaz _b: (la muerte, ese mar) : Capilla del Oidor, Alcalá de Henares, Madrid : [15 de de abril-16 de mayo de 2004] / _cMonsalvo ; [texto, Angel L. Monsalvo]. |
| 260 |
_a[Alcalá de Henares] : _bFundación Colegio del Rey, _c[2004] |
||
| 300 |
_a[15] p. : _bprincipalmente il. col. ; _c26 cm. |
||
| 500 | _aEn la port.: Ayuntamiento de Alcalá de Henares, Concejalía de Cultura. | ||
| 600 | 1 | 4 |
_aMonsalvo, Angel L.- _vExposiciones. _982288 |
| 655 | 7 |
_2tgfbne _9193628 _aCatálogos de exposiciones |
|
| 710 | 2 |
_aFundación Colegio del Rey. _94254 |
|
| 710 | 2 |
_aCapilla del Oidor. _92433 |
|
| 852 |
_aES-MaACL _j2186-F-1 _bR.133868 |
||
| 942 | _2udc | ||
| 999 |
_c91695 _d91695 |
||